000 00702nam a2200289Ia 4500
005 20260324121210.0
008 008 260324s9999 xx 000 0 eng d
020 _a9781315816913
037 _aEBOOK
040 _aCRL
040 _beng
040 _cCRL
041 _2eng
041 _aeng
084 _qCRL
100 _aUvanney Maylor
_91161580
245 0 _aTeacher Training and the Education of Black Children
245 0 _bBringing Color into Difference
260 _bTaylor and Francis
260 _c2014
365 _a
365 _b265
856 _uhttp://www.taylorfrancis.com/books/9781315816913
942 _cEBOOK
999 _c1753525
_d1753525